Properties and phase morphology of PVC/ENR thermoplastic elastomer (Record no. 65966)

MARC details
000 -LEADER
fixed length control field 00460nam a2200181Ia 4500
100 ## - MAIN ENTRY--AUTHOR NAME
Personal name Quingzhi Y
245 #0 - TITLE STATEMENT
Title Properties and phase morphology of PVC/ENR thermoplastic elastomer
260 ## - PUBLICATION, DISTRIBUTION, ETC. (IMPRINT)
Name of publisher China Rubber Ind.
Year of publication 1996
300 ## - PHYSICAL DESCRIPTION
Number of Pages 200-203
500 ## - GENERAL NOTE
General note Source Year: 1996
650 ## - SUBJECT ADDED ENTRY--TOPICAL TERM
Topical Term ENR
650 ## - SUBJECT ADDED ENTRY--TOPICAL TERM
Topical Term PVC
650 ## - SUBJECT ADDED ENTRY--TOPICAL TERM
Topical Term Thermoplastic elastomer
700 ## - ADDED ENTRY--PERSONAL NAME
Personal name Fang G
856 ## - ELECTRONIC LOCATION AND ACCESS
Uniform Resource Identifier IRRDB
942 ## - ADDED ENTRY ELEMENTS (KOHA)
Koha item type Journals
Holdings
Withdrawn status Lost status Damaged status Not for loan Home library Current library Shelving location Date acquired Serial Enumeration / chronology Koha item type
      Journals RRII Library RRII Library Rubber chemistry 17/12/2021 Volume 43, Issue 4 Journals